Scientific basketball; (Record no. 5429)
[ view plain ]
| 000 -LEADER | |
|---|---|
| fixed length control field | 00786cam a22002411 4500 |
| 001 - CONTROL NUMBER | |
| control field | 8360947 |
| 003 - CONTROL NUMBER IDENTIFIER | |
| control field | OSt |
| 005 - DATE AND TIME OF LATEST TRANSACTION | |
| control field | 20210921124602.0 |
| 008 - FIXED-LENGTH DATA ELEMENTS--GENERAL INFORMATION | |
| fixed length control field | 751002s1949 nyua b 000 0 eng |
| 010 ## - LIBRARY OF CONGRESS CONTROL NUMBER | |
| LC control number | 49049727 |
| 035 ## - SYSTEM CONTROL NUMBER | |
| System control number | (OCoLC)1672048 |
| 040 ## - CATALOGING SOURCE | |
| Original cataloging agency | DDC |
| Transcribing agency | HU2 |
| Modifying agency | OCoLC |
| -- | DLC |
| 050 00 - LIBRARY OF CONGRESS CALL NUMBER | |
| Classification number | GV885 |
| Item number | .H583 |
| 082 00 - DEWEY DECIMAL CLASSIFICATION NUMBER | |
| Classification number | 796.3232/HOB |
| 100 1# - MAIN ENTRY--PERSONAL NAME | |
| Personal name | Hobson, Howard, |
| Dates associated with a name | 1903- |
| 9 (RLIN) | 5535 |
| 245 10 - TITLE STATEMENT | |
| Title | Scientific basketball; |
| Remainder of title | for coaches, players, officials, spectators, and sportswriters. |
| 260 ## - PUBLICATION, DISTRIBUTION, ETC. | |
| Place of publication, distribution, etc. | New York, |
| Name of publisher, distributor, etc. | Prentice-Hall |
| Date of publication, distribution, etc. | [1949] |
| 300 ## - PHYSICAL DESCRIPTION | |
| Extent | xvi, 250 p. |
| Other physical details | illus., group ports. |
| Dimensions | 21 cm. |
| 504 ## - BIBLIOGRAPHY, ETC. NOTE | |
| Bibliography, etc. note | "Complete annotated bibliography of basketball books": p. 210-225. |
| 650 #0 - SUBJECT ADDED ENTRY--TOPICAL TERM | |
| Topical term or geographic name entry element | Basketball. |
| 9 (RLIN) | 5235 |
| 906 ## - LOCAL DATA ELEMENT F, LDF (RLIN) | |
| a | 7 |
| b | cbc |
| c | oclcrpl |
| d | u |
| e | ncip |
| f | 19 |
| g | y-gencatlg |
| 942 ## - ADDED ENTRY ELEMENTS (KOHA) | |
| Source of classification or shelving scheme | Dewey Decimal Classification |
| Koha item type | Books like text book referance book |
| Suppress in OPAC | No |
| Withdrawn status | Lost status | Source of classification or shelving scheme | Damaged status | Not for loan | Home library | Current library | Shelving location | Date acquired | Total Checkouts | Full call number | Barcode | Date last seen | Copy number | Price effective from | Koha item type |
|---|---|---|---|---|---|---|---|---|---|---|---|---|---|---|---|
| Dewey Decimal Classification | Natural & Computational Science Library | Natural & Computational Science Library | General Stacks | 09/21/2021 | 796.3232/HOB | NSCLIB00009879 | 09/21/2021 | 1 | 09/21/2021 | Books like text book referance book |